00000000nam##2200000za#4500
0019.650337
003CaOODSP
00520230131161135
007ta
008150407|2006||||xxc|||||     f|0| 0 eng|d
020 |a1-897095-09-0
022 |a1498-7724
040 |aCaOODSP|beng
043 |an-cn---
0861 |aM40-65/2006E
1102 |aGeological Survey of Canada.
24510|aGold in the Yellowknife Greenstone Belt, Northwest Territories : |bresults of the Extech III multidisciplinary research project / |cEdited by C.D. Anglin ... [et al.]; Publisher: Geological Association of Canada, Mineral Deposits Division.
2463 |aSpecial publication (Geological Association of Canada. Mineral Deposits Division); no. 3
260 |aSt. John's - Newfoundland and Labrador : |bNatural Resources Canada. |c2006.
300 |aiv, 442p. + 1 DVD. : |bcoloured plates, graphs, maps (some coloured), references, tables, photographs ; |c29 cm.
500 |a"A collaborative project between the Geological Survey of Canada and the Northwest Territories Geoscience Office ..." Available from Geological Association of Canada online bookstore, see URL below:
5203 |aThis book enhances understanding of the Yellowknife shear-zone-hosted gold deposits. The book provides articles on: historical background on gold exploration in the area; regional geology; mineral deposits and regional metallogenic studies; exploration technology; and data integration. The accompanying DVD contains databases, map sheets, and data tables. The volume presents the results of the Extech III multidisciplinary research project, which aimed to document the geological characteristics of the Yellowknife greenstone belt and to carry out research to enhance gold exploration.
563 |aHardcover
590 |a06-41|b2006-10-13
69007|aGeology|2gcpds
69007|aGold|2gcpds
69007|aNorthern Canada|2gcpds
7102 |aGeological Association of Canada. Mineral Deposits Division.
7102 |aNorthwest Territories. Geoscience Office.